| 000 | 00442nam a22001457a 4500 | ||
|---|---|---|---|
| 020 | _a90 6191 1486 | ||
| 082 |
_a627 _bWAT _cL-23, P-71 |
||
| 100 |
_aBendeine, Marcello _943946 |
||
| 245 |
_aWater resources management mdern descision techniques/ _cBendeine, Marcello |
||
| 250 | _a4th volumn | ||
| 260 |
_aNetherlands: _bA.A Balkema, Rotterdam, _c1990. |
||
| 526 |
_a0 _b0 _c0 _d627_000000000000000_WAT |
||
| 650 |
_aMCE _9379 |
||
| 942 |
_2ddc _cBK |
||
| 999 |
_c547814 _d547814 |
||